| 000 | 01545nam a2200373 a 4500 | ||
|---|---|---|---|
| 001 | ebr5001461 | ||
| 003 | CaPaEBR | ||
| 006 | m u | ||
| 007 | cr cn||||||||| | ||
| 008 | 980615s1998 onca sb f001 0 eng d | ||
| 020 | _z0660174049 | ||
| 040 |
_aCaPaEBR _cCaPaEBR |
||
| 035 | _a(OCoLC)44961488 | ||
| 050 | 1 | 4 |
_aS592.16 _b.C36 1998eb |
| 055 | 0 | 2 | _aS599.1* |
| 055 | 3 |
_aS599.1 _bS64 1998 |
|
| 055 | 0 | 6 | _aCOP.CA.2.2000-3029 |
| 082 | 0 | 4 |
_a631.4/4/0971 _221 |
| 110 | 2 |
_aCanadian Agricultural Services Coordinating Committee. _bSoil Classification Working Group. |
|
| 245 | 1 | 4 |
_aThe Canadian system of soil classification _h[electronic resource] / _cSoil Classification Working Group. |
| 250 | _a3rd ed. | ||
| 260 |
_aOttawa : _bNRC Research Press, _c1998. |
||
| 300 |
_axiii, 187 p. : _bill. (some col.). |
||
| 490 | 1 |
_aPublication ; _v1646 |
|
| 504 | _aIncludes bibliographical references and index. | ||
| 533 |
_aElectronic reproduction. _bPalo Alto, Calif. : _cebrary, _d2013. _nAvailable via World Wide Web. _nAccess may be limited to ebrary affiliated libraries. |
||
| 550 | _aCo-published by: Research Branch, Agriculture and Agri-Food Canada. | ||
| 650 | 0 |
_aSoils _zCanada _vClassification. |
|
| 650 | 0 |
_aSoils _vClassification. |
|
| 655 | 7 |
_aElectronic books. _2local |
|
| 710 | 2 | _aebrary, Inc. | |
| 830 | 0 |
_aPublication (Canada. Agriculture and Agri-Food Canada). _lEnglish ; _v1646. |
|
| 856 | 4 | 0 |
_uhttp://site.ebrary.com/lib/rucke/Doc?id=5001461 _zAn electronic book accessible through the World Wide Web; click to view |
| 999 |
_c1205 _d1205 |
||